Szczegóły MARC21

Psychologia starzenia się i starości /

003 -Nazwa inst., której nr kontr. jest w polu 001 [,]
    • @
    • Nazwa instytucji, której n kontrolny jest w polu 001
    • NUKAT
005 -DATA I CZAS OSTATNIEJ MODYFIKACJI [,]
    • @
    • pole kontrolne
    • 20241231091259.0
020 -Międzynarod. znormalizowany nr książki - ISBN [ , ]
    • a
    • Numer ISBN
    • 9788301165666 Find
040 -Instytucja sporządzająca opis [ , ]
    • a
    • Instytucja, która sporządziła opis (NP)
    • WR U/as
    • c
    • Instytucja, która sporządziła rekord (NP)
    • WR U/as
    • d
    • Instytucja, która zmodyfikowała rekord (P)
    • WR U/hb
    • d
    • Instytucja, która zmodyfikowała rekord (P)
    • WR O/KPKs
    • d
    • Instytucja, która zmodyfikowała rekord (P)
    • GD 27/LKs
942 -Rodzaj dokumentu [ , ]
    • c
    • Rodzaj dokumentu
    • Książka
100 -Hasło główne - nazwa osobowa [1, ]
    • a
    • Nazwa osobowa (NP)
    • Steuden, Stanisława
    • d
    • Daty biograficzne (NP)
    • (1950- ).
    • 9
    • KHW
    • 549052
245 -Strefa tytułu i oznaczenia odpowiedzialności [1,0]
    • a
    • Tytuł
    • Psychologia starzenia się i starości / Find
    • c
    • Pozostałe elementy strefy tytułu i oznaczenia odpowiedzialności (NP)
    • Stanisława Steuden.
260 -Strefa adresu wydawniczego [ , ]
    • a
    • Miejsce wydania (P)
    • Warszawa :
    • b
    • Nazwa wydawcy (P)
    • Wydawnictwo Naukowe PWN,
    • c
    • Data wydania (P)
    • 2011.
300 -Strefa opisu fizycznego [ , ]
    • a
    • Określenie formy książki i/lub objętość (NP)
    • 250, [1] s. ;
    • c
    • Format (NP)
    • 25 cm.
336 -Typ zawartości [ , ]
    • a
    • Termin opisujący typ zawartości
    • Tekst
    • b
    • Kod określający zawartość
    • txt
    • 2
    • Źródło (terminu i kodu)
    • rdacontent
337 -Typ mediów [ , ]
    • a
    • Tryb odtwarzania
    • Bez urządzenia pośredniczącego
    • b
    • Kod typu mediów
    • n
    • 2
    • Źródło (terminu i kodu)
    • rdamedia
338 -Typ/rodzaj nośnika [ , ]
    • a
    • Hasło opisujące typ nośnika
    • Wolumin
    • b
    • Kod typu nośnika
    • nc
    • 2
    • Źródło (terminu i kodu)
    • rdacarrier
504 -Uwaga dot. bibliogr. załącznikowej [ , ]
    • a
    • Uwaga dot. bibliografii załącznikowej
    • Bibliogr. s. [217]-241. Indeksy.
521 -Uwaga dot. przeznaczenia czytelniczego [8, ]
    • a
    • Uwaga dot. przeznaczenia czytelniczego
    • Podręcznik dla studentów psychologii, pedagogiki, medycyny oraz dla profesjonalistów i wolontariuszy wspierających osoby starsze.
080 -Uniwersalna Klasyfikacja Dziesiętna [ , ]
    • 2
    • Identyfikator wydania tablic
    • UDC-P058
    • 9
    • UKD
    • 2406
    • a
    • Symbol klasyfikacji
    • 159.9
    • b
    • Dopowiedzenie
    • Psychologia.
    • 4
    • UKD2
    • 20659
    • x
    • Poddział wspólny
    • -053.9
    • c
    • Dopowiedzenie poddz. wspólnego
    • -Ludzie starzy.
    • 4
    • UKD2
    • 7665
    • x
    • Poddział wspólny
    • (075.8)
    • c
    • Dopowiedzenie poddz. wspólnego
    • (Podręczniki dla szkół wyższych. Skrypty).
080 -Uniwersalna Klasyfikacja Dziesiętna [ , ]
    • 2
    • Identyfikator wydania tablic
    • UDC-P058
    • 9
    • UKD
    • 4592
    • a
    • Symbol klasyfikacji
    • 613.86
    • b
    • Dopowiedzenie
    • Higiena psychiczna i obyczajowa. Zmęczenie psychiczne.
    • 4
    • UKD2
    • 7665
    • x
    • Poddział wspólny
    • (075.8)
    • c
    • Dopowiedzenie poddz. wspólnego
    • (Podręczniki dla szkół wyższych. Skrypty).
080 -Uniwersalna Klasyfikacja Dziesiętna [ , ]
    • 2
    • Identyfikator wydania tablic
    • UDC-P058
    • 9
    • UKD
    • 2475
    • a
    • Symbol klasyfikacji
    • 173
    • b
    • Dopowiedzenie
    • Moralność rodzinna. Małżeństwo. Poligamia i monogamia. Wolna miłość. Aborcja. Stosunki rodzinne.
    • 4
    • UKD2
    • 7665
    • x
    • Poddział wspólny
    • (075.8)
    • c
    • Dopowiedzenie poddz. wspólnego
    • (Podręczniki dla szkół wyższych. Skrypty).
650 -Hasło przedmiotowe [ ,7]
    • a
    • Hasło przedmiotowe
    • Starzenie się
    • x
    • Określnik rzeczowy
    • aspekt psychologiczny.
    • 2
    • Źródło terminu
    • kaba
    • 9
    • KHW
    • 131105
650 -Hasło przedmiotowe [ ,7]
    • a
    • Hasło przedmiotowe
    • Seniorzy
    • x
    • Określnik rzeczowy
    • psychologia.
    • 2
    • Źródło terminu
    • kaba
    • 9
    • KHW
    • 117783
980 -Symbol UKD [ , ]
    • a
    • UKD
    • 159.9-053.9:613.86:173](075.8)
710 -Hasło dodatkowe - nazwa ciała zbiorowego [2, ]
    • a
    • Nazwa ciała zbiorowego lub nazwa geograficzna jako pierwszy element (NP)
    • Wydawnictwo Naukowe PWN.
    • 4
    • Kod relacji
    • pbl
    • 9
    • KHW
    • 52648
920 -ISBN [ , ]
    • a
    • ISBN
    • 978-83-01-16566-6 Find
Lokalizacja Status udost. Data inwentaryzacji Numer inwentarzowy
BG12011-06-03Z.115493
BG-32011-06-03WM.12588
BG-32011-06-03WM.12589
BG-32011-06-03WM.12590
BG-32011-06-03WM.12591
BG-32011-06-03WM.12592